| 000 | 00737nam a2200181 a 4500 | ||
|---|---|---|---|
| 008 | 120416s1988 ||||||||||||||||| || u | ||
| 020 | _a0131659456 | ||
| 050 | _aQA 76 Gol | ||
| 100 | _aGoldschlager, Les | ||
| 245 | 1 | 0 | _aComputer science: a modern introduction. (2nd ed.) |
| 250 | _a2nd ed. | ||
| 260 |
_aNew York: _bFT Prentice-Hall _c1988 |
||
| 300 | _axiii, 330p. : ill | ||
| 350 | _a0.00 | ||
| 650 | _aCOMPUTER SCIENCE | ||
| 995 |
_aMAIN LIBRARY OPEN ACCESS _D0.00 _e727514 _FCBU-MAIN LIBRARY (Kitwe) _H1 _I21.00 _jQA 76 Gol _M1 _UAVAILABLE _y025320 _ZMain Library Open Access Collection |
||
| 995 |
_aBINDERY (DAMAGED) _D0.00 _e727515 _FCBU-MAIN LIBRARY (Kitwe) _H2 _I21.00 _jQA 76 Gol _M1 _UDAMAGED _y025318 _ZMain Library Open Access Collection |
||
| 999 |
_c79679 _d79679 |
||